| 000 | 00820nam a2200229 u 4500 | ||
|---|---|---|---|
| 001 | 000803335 | ||
| 003 | AM-YeHGA | ||
| 005 | 20250617144328.0 | ||
| 008 | 110413s1973 ru r 000 0 rus d | ||
| 040 | _aAM-YeHGA | ||
| 041 | 0 | _arus | |
| 100 | 1 | _aМедведев, В. | |
| 245 | 1 | 0 |
_aСлед. : _bНа кордоне/ Н. Шорин. Последняя свадьба/В. Мазурин / _cВ. Медведев, Н. Шорин, В. Мазурин. |
| 260 |
_aЯрославль : _bВерхне-Волжское кн. изд-во, _c1973. |
||
| 300 | _a118 с. | ||
| 653 | 0 | _aРусская художественная проза - 20 в. | |
| 700 | 1 | _aШорин, Н. | |
| 700 | 1 | _aМазурин, В. | |
| 740 | 0 | 2 | _aНа кордоне |
| 740 | 0 | 2 | _aПоследняя свадьба |
| 090 | _c293793 | ||
| 999 |
_c292110 _d292110 |
||